| 000 | 00706nam a2200217Ia 4500 | ||
|---|---|---|---|
| 005 | 20220212111928.0 | ||
| 008 | 210716s2010 xx 000 0 und d | ||
| 020 | _a9780195668049 | ||
| 040 | _cAIMIT LIBRARY | ||
| 041 | _aeng | ||
| 082 |
_a651.7 _21 _bRAMM |
||
| 100 |
_aRaman, Meenakshi. _919546 |
||
| 245 |
_aTechnical communication : _bprinciples and practice / _cBy Meenakshi Raman and Sangeeta Sharma. |
||
| 250 | _a1st ed. | ||
| 260 |
_aNew Delhi : _bOxford University Press , _c2010. |
||
| 300 |
_aviii, 599p. _c24.2 cm. |
||
| 650 |
_aBusiness Communication _919547 |
||
| 650 |
_aConstituents of Effective Writing _919548 |
||
| 650 |
_aWritten Forms _919549 |
||
| 942 |
_2ddc _cBK _e1st _k651.7 RAMM |
||
| 999 |
_c190768 _d190768 |
||